Get the Picture: Which Movie Star? Quiz Stats

 Plays Quiz Updated May 3, 2019

Score 0/16 Timer 02:00
0 Plays Today
Question Answer Wrong Answers
Pretty Woman Julia Roberts
96.9%
Whoopi Goldberg
0.7%
Tom Cruise
0.4%
Morgan Freeman
0.2%
Top Gun Tom Cruise
96.8%
Whoopi Goldberg
0.4%
Julia Roberts
0.5%
Morgan Freeman
0.7%
Sister Act Whoopi Goldberg
96%
Julia Roberts
1.9%
Tom Cruise
0.2%
Morgan Freeman
0.2%
The Shawshank Redemption Morgan Freeman
95.3%
Whoopi Goldberg
0.7%
Julia Roberts
0.6%
Tom Cruise
1.6%
Erin Brockovich Julia Roberts
93.6%
Whoopi Goldberg
1.6%
Tom Cruise
1.8%
Morgan Freeman
1.2%
Notting Hill Julia Roberts
92.1%
Whoopi Goldberg
2.1%
Tom Cruise
2.1%
Morgan Freeman
1.8%
Ghost Whoopi Goldberg
89.4%
Julia Roberts
3.1%
Tom Cruise
3.7%
Morgan Freeman
2%
The Color Purple Whoopi Goldberg
88.7%
Julia Roberts
2.2%
Tom Cruise
2.6%
Morgan Freeman
4.8%
Driving Miss Daisy Morgan Freeman
88.3%
Whoopi Goldberg
4.7%
Julia Roberts
3.8%
Tom Cruise
1.4%
Vanilla Sky Tom Cruise
87.6%
Whoopi Goldberg
3.2%
Julia Roberts
4.5%
Morgan Freeman
2.8%
Cocktail Tom Cruise
86.8%
Whoopi Goldberg
4.2%
Julia Roberts
5%
Morgan Freeman
1.9%
The Dark Knight Morgan Freeman
85.6%
Whoopi Goldberg
1.3%
Julia Roberts
1.9%
Tom Cruise
9.2%
Eyes Wide Shut Tom Cruise
84.2%
Whoopi Goldberg
2.7%
Julia Roberts
6.9%
Morgan Freeman
4.1%
Invictus Morgan Freeman
83.3%
Whoopi Goldberg
2.2%
Julia Roberts
2%
Tom Cruise
10.5%
Ocean's Twelve Julia Roberts
79.3%
Whoopi Goldberg
1.6%
Tom Cruise
9.3%
Morgan Freeman
8.2%
Boys on the Side Whoopi Goldberg
52.9%
Julia Roberts
23.3%
Tom Cruise
11.3%
Morgan Freeman
10.4%

Today's Daily Dose

Missing Word
1940s A-Z

Quick Pick
'S' Athletes

Get the Picture
Depp or Bonham Carter

You're not logged in!

Compare scores with friends on all Sporcle quizzes.
OR
Log In

Sporcle TV

Today on Sporcle TV


Watch our educational content, quiz creation guides, and fun videos on Sporcle TV.

Show Comments

Extras

Top Quizzes Today


Score Distribution

Your Account Isn't Verified!

In order to create a playlist on Sporcle, you need to verify the email address you used during registration. Go to your Sporcle Settings to finish the process.

Report this User

Report this user for behavior that violates our Community Guidelines.

Details: